[Event "DVM U16 2013"]
[Site "Lingen (Ems) GER"]
[Date "2013.12.28"]
[Round "3"]
[White "Zolfagharian, Kevin"]
[Black "Herbrig, Alexander"]
[Result "1-0"]
[Termination "normal"]
[Board "9.1"]
[WhiteElo "2036"]
[BlackElo "1885"]
[WhiteTeam "SG Solingen"]
[BlackTeam "SC Einheit Bautzen"]
[WhiteFideId "12933570"]
[BlackFideId "12952044"]
[EventCountry "GER"]
[EventRounds "7"]
[EventType "team-swiss"]
[EventDate "2013.12.26"]

1. e4 c5 2. Nf3 Nc6 3. d4 cxd4 4. Nxd4 Qc7 5. Nc3 e6 6. Be3 a6 7. Be2 Nf6 8.
O-O Bb4 9. Na4 O-O 10. Nxc6 bxc6 11. Qd4 Rb8 12. f4 d5 13. a3 Be7 14. e5 Nd7
15. b4 a5 16. c3 Kh8 17. Kh1 Bb7 18. Nc5 Nxc5 19. bxc5 f5 20. g4 g6 21. Rg1 Rg8
22. Bd3 Ba8 23. gxf5 gxf5 24. Bxf5 Bxc5 25. Qxc5 exf5 26. Bd4 h6 27. e6+ Kh7
28. Be5 Rb5 29. Rxg8 Rxc5 30. Rh8+ Kg6 31. Bxc7 1-0

[Event "DVM U16 2013"]
[Site "Lingen (Ems) GER"]
[Date "2013.12.28"]
[Round "3"]
[White "Herbrig, Marie-Helen"]
[Black "Nguyen, Gia Huy Philipp"]
[Result "1-0"]
[Termination "normal"]
[Board "9.2"]
[WhiteElo "1720"]
[BlackElo "1563"]
[WhiteTeam "SC Einheit Bautzen"]
[BlackTeam "SG Solingen"]
[WhiteFideId "12900427"]
[BlackFideId "12933597"]
[EventCountry "GER"]
[EventRounds "7"]
[EventType "team-swiss"]
[EventDate "2013.12.26"]

1. d4 Nf6 2. c4 g6 3. Nc3 Bg7 4. e4 O-O 5. Be3 d6 6. f3 Nc6 7. Qd2 Re8 8. Nge2
a5 9. g4 e5 10. d5 Nb4 11. Ng3 c6 12. g5 Nd7 13. a3 cxd5 14. Nxd5 Nxd5 15. Qxd5
Nb6 16. Qb5 Nd7 17. Rd1 Qc7 18. Ne2 Bf8 19. Nc3 Qc6 20. Nd5 Ra6 21. Bh3 Kg7 22.
Bd2 Nc5 23. Bf1 Ne6 24. Qb3 Nc5 25. Qc3 a4 26. Nb4 Qb6 27. Nxa6 Qxa6 28. Be3
Qc6 29. h4 Kg8 30. h5 Bg7 31. Qd2 Rd8 32. hxg6 hxg6 33. Qf2 Ne6 34. Rd2 Nf8 35.
c5 Ne6 36. cxd6 Rxd6 37. Rxd6 Qxd6 38. Qc2 Bd7 39. Rh2 Nd4 40. Qd1 Bc6 41. Rd2
Qc7 42. Bg2 Ne6 43. Rd3 Qa5+ 44. Kf2 Qb5 45. Rd2 Qa5 46. Bf1 Qc7 47. Qc1 Qe7
48. Rd1 Qc7 49. Bc4 Nd4 50. Bd5 Qd6 51. Bxc6 bxc6 52. Qc4 Qb8 53. Rd2 Nb3 54.
Rd7 Qe8 55. Qxc6 Bf8 56. Qxa4 Nc5 57. Bxc5 Bxc5+ 58. Kg3 1-0

[Event "DVM U16 2013"]
[Site "Lingen (Ems) GER"]
[Date "2013.12.28"]
[Round "3"]
[White "Nink, Niklas"]
[Black "Izhboldin, Andrey"]
[Result "0-1"]
[Termination "normal"]
[Board "9.3"]
[WhiteElo "1493"]
[BlackElo "1533"]
[WhiteTeam "SG Solingen"]
[BlackTeam "SC Einheit Bautzen"]
[WhiteFideId "12944610"]
[BlackFideId "12983136"]
[EventCountry "GER"]
[EventRounds "7"]
[EventType "team-swiss"]
[EventDate "2013.12.26"]

1. e4 e6 2. Nf3 d5 3. Nc3 d4 4. Ne2 c5 5. Ng3 Nc6 6. Bc4 Bd6 7. O-O Nge7 8. d3
O-O 9. a3 Qc7 10. Bd2 Bf4 11. Qe2 Ng6 12. c3 Bxd2 13. Qxd2 dxc3 14. bxc3 e5 15.
Rfd1 Bg4 16. Qe3 Rfd8 17. Rd2 Bxf3 18. Qxf3 Rd7 19. Qd1 Na5 20. Ba2 Rad8 21.
Ne2 Nc6 22. Qb3 Rxd3 23. Rxd3 Rxd3 24. Rd1 Rxd1+ 25. Qxd1 Na5 26. c4 Nc6 27.
Nc3 Qa5 28. Nb5 a6 29. Nd6 Qxa3 30. Bb3 Nd4 31. Ba4 Qb4 32. Be8 Qb6 33. Bxf7+
Kf8 34. Bd5 Qxd6 35. Bxb7 Nf4 36. Kf1 Qh6 37. Kg1 a5 38. g3 Qh3 0-1

[Event "DVM U16 2013"]
[Site "Lingen (Ems) GER"]
[Date "2013.12.28"]
[Round "3"]
[White "Arnhold, Steffi"]
[Black "Barche, Robert"]
[Result "0-1"]
[Termination "normal"]
[Board "9.4"]
[WhiteElo "1422"]
[BlackElo "1308"]
[WhiteTeam "SC Einheit Bautzen"]
[BlackTeam "SG Solingen"]
[WhiteFideId "12931365"]
[BlackFideId "12944572"]
[EventCountry "GER"]
[EventRounds "7"]
[EventType "team-swiss"]
[EventDate "2013.12.26"]

1. e4 e6 2. d4 d5 3. Nd2 Nf6 4. e5 Nfd7 5. Ngf3 c5 6. c4 Nc6 7. cxd5 exd5 8.
Bb5 Qb6 9. Bxc6 bxc6 10. dxc5 Bxc5 11. O-O O-O 12. Qe2 Ba6 13. Qe1 Bxf1 14.
Qxf1 Rfe8 15. Nb3 Be7 16. Bf4 Bd8 17. Qc1 Bc7 18. Qc3 Rac8 19. Re1 c5 20. Bg3
c4 21. Nbd4 Nc5 22. Re2 Ne4 23. Qc2 Nxg3 24. hxg3 Bxe5 25. Rxe5 Rxe5 26. Nxe5
Qxd4 27. Qf5 Rf8 28. Nc6 Qd1+ 29. Kh2 Qe2 30. Qxd5 Qe6 31. Qc5 Re8 32. Kg1 h6
33. Nxa7 Qe2 34. Qd4 Re5 35. g4 Rg5 36. f3 Qe1+ 37. Kh2 Qe5+ 38. Qxe5 Rxe5 39.
Nc6 Re2 40. b3 c3 41. Nb4 c2 42. Nxc2 Rxc2 43. a4 Rb2 0-1

[Event "DVM U16 2013"]
[Site "Lingen (Ems) GER"]
[Date "2013.12.28"]
[Round "3"]
[White "Wunder, Anton"]
[Black "Wulfhorst, Noah"]
[Result "1/2-1/2"]
[Termination "normal"]
[Board "10.1"]
[WhiteElo "1751"]
[BlackElo "1654"]
[WhiteTeam "Heilbronner SV"]
[BlackTeam "Gütersloher SV"]
[WhiteFideId "12964352"]
[BlackFideId "12964956"]
[EventCountry "GER"]
[EventRounds "7"]
[EventType "team-swiss"]
[EventDate "2013.12.26"]

1. d4 Nf6 2. c4 c5 3. d5 e6 4. Nc3 exd5 5. cxd5 d6 6. Nf3 g6 7. Bg5 Bg7 8. e3
a6 9. a4 Bg4 10. Be2 Bxf3 11. Bxf3 Nbd7 12. O-O b6 13. Rb1 Qc7 14. Be2 O-O 15.
Qd2 Rfc8 16. Rfc1 Qb7 17. Bf4 Ne5 18. Bxe5 dxe5 19. e4 c4 20. b3 cxb3 21. Rxb3
Rd8 22. Rcb1 Rd6 23. Qe3 Nd7 24. Na2 Rc8 25. Rc3 Rxc3 26. Qxc3 Qa7 27. Qe3 Nc5
28. a5 Bf8 29. Nb4 b5 30. Nc6 Rxc6 31. dxc6 Qc7 32. Rc1 Qxc6 33. f3 Qc7 34. Qc3
Bd6 35. Kh1 Kg7 36. Bd1 1/2-1/2

[Event "DVM U16 2013"]
[Site "Lingen (Ems) GER"]
[Date "2013.12.28"]
[Round "3"]
[White "Kandler, Pascal"]
[Black "Wasielewski, Kim-Luca"]
[Result "1/2-1/2"]
[Termination "normal"]
[Board "10.2"]
[WhiteElo "1539"]
[BlackElo "1555"]
[WhiteTeam "Gütersloher SV"]
[BlackTeam "Heilbronner SV"]
[WhiteFideId "12964964"]
[BlackFideId "12979503"]
[EventCountry "GER"]
[EventRounds "7"]
[EventType "team-swiss"]
[EventDate "2013.12.26"]

1. e4 c6 2. d4 d5 3. f3 dxe4 4. fxe4 e5 5. Nf3 exd4 6. Bc4 Bb4+ 7. Nbd2 Bg4 8.
Bxf7+ Kxf7 9. Ne5+ Ke8 10. Qxg4 Qc7 11. Qe6+ Ne7 12. O-O Nd7 13. Ndc4 b5 14.
Nf7 Rf8 15. Bg5 bxc4 16. a3 Bc5 17. Rf5 d3+ 18. Kh1 dxc2 19. Raf1 g6 20. R5f3
Qb7 21. Bh6 Rg8 22. Bc1 a5 23. Qxc4 Qc7 24. Qe6 a4 25. Rc3 Rb8 26. Rxc5 Nxc5
27. Nd6+ Kd8 28. Nf7+ Ke8 29. Nd6+ 1/2-1/2

[Event "DVM U16 2013"]
[Site "Lingen (Ems) GER"]
[Date "2013.12.28"]
[Round "3"]
[White "Gündisch, Stefan"]
[Black "Pfaffenrot, Daniel"]
[Result "0-1"]
[Termination "normal"]
[Board "10.3"]
[WhiteElo "1301"]
[BlackElo "1563"]
[WhiteTeam "Heilbronner SV"]
[BlackTeam "Gütersloher SV"]
[WhiteFideId "12983144"]
[BlackFideId "12964972"]
[EventCountry "GER"]
[EventRounds "7"]
[EventType "team-swiss"]
[EventDate "2013.12.26"]

1. e4 e5 2. Nc3 Nf6 3. Bc4 Nc6 4. d3 Na5 5. Bb3 Nxb3 6. axb3 Bc5 7. Be3 Bxe3 8.
fxe3 d6 9. Nf3 O-O 10. O-O Nd7 11. Qd2 Nb6 12. Rf2 f6 13. Raf1 Be6 14. Qe2 Qe7
15. Nh4 a5 16. Nf5 Qd7 17. Rf3 g6 18. Qf2 gxf5 19. Rg3+ Kf7 20. exf5 Bd5 21. e4
Bc6 22. Qf3 Ke7 23. Qh5 Rf7 24. Nd1 Raf8 25. Ne3 Kd8 26. Ra1 a4 27. bxa4 Nxa4
28. Qh6 Nb6 29. b3 d5 30. Qh5 d4 31. Ng4 Qe7 32. Nf2 Rg7 33. Rxg7 Qxg7 34. Qh4
Rg8 35. g3 h6 36. Qh3 Qg5 37. Qg2 Qd2 38. Qh3 Ke7 39. Qh5 Qg5 40. Qh3 h5 41.
Qg2 Qd2 42. Qh3 Qxc2 43. Qxh5 Qxb3 44. Qh7+ Qf7 0-1

[Event "DVM U16 2013"]
[Site "Lingen (Ems) GER"]
[Date "2013.12.28"]
[Round "3"]
[White "Haase, Kai"]
[Black "Dudt, Jonas"]
[Result "1/2-1/2"]
[Termination "normal"]
[Board "10.4"]
[WhiteElo "1570"]
[BlackElo "1001"]
[WhiteTeam "Gütersloher SV"]
[BlackTeam "Heilbronner SV"]
[WhiteFideId "12964999"]
[BlackFideId "12983152"]
[EventCountry "GER"]
[EventRounds "7"]
[EventType "team-swiss"]
[EventDate "2013.12.26"]

1. e4 c5 2. Nf3 Nc6 3. d4 cxd4 4. Nxd4 g6 5. Nc3 Bg7 6. Be3 d6 7. Be2 Nf6 8.
O-O O-O 9. h3 a6 10. Qd2 Bd7 11. Rad1 Qc7 12. Nf3 b5 13. Bh6 Rad8 14. Bxg7 Kxg7
15. a3 Qa5 16. Qd3 b4 17. Nd5 Bc8 18. Nxf6 exf6 19. Qb3 Rfe8 20. Nd4 Nxd4 21.
Rxd4 bxa3 22. Qxa3 Qxa3 23. bxa3 Bb7 24. f3 f5 25. Bd3 fxe4 26. Bxe4 Bxe4 27.
fxe4 Re5 28. Ra4 a5 29. Rd1 Rc8 30. Rxd6 1/2-1/2

[Event "DVM U16 2013"]
[Site "Lingen (Ems) GER"]
[Date "2013.12.28"]
[Round "4"]
[White "Grigorian, Spartak"]
[Black "Xu, Xianliang"]
[Result "0-1"]
[Termination "normal"]
[Board "1.1"]
[WhiteElo "2163"]
[BlackElo "2084"]
[WhiteTeam "SK Wildeshausen"]
[BlackTeam "SG Porz"]
[WhiteFideId "24661490"]
[BlackFideId "4603230"]
[EventCountry "GER"]
[EventRounds "7"]
[EventType "team-swiss"]
[EventDate "2013.12.26"]

1. d4 d5 2. Nf3 Nc6 3. c4 Bg4 4. cxd5 Bxf3 5. gxf3 Qxd5 6. e3 e5 7. Nc3 Bb4 8.
Bd2 Bxc3 9. bxc3 Qd6 10. Rb1 b6 11. f4 exf4 12. e4 Nge7 13. Qf3 Qa3 14. Bg2 O-O
15. Bxf4 Ng6 16. Bg3 f5 17. e5 Nce7 18. h4 f4 19. Qd3 fxg3 20. Qc4+ Kh8 21.
fxg3 Rae8 22. h5 Nxe5 23. dxe5 Ng8 24. Rh4 Rxe5+ 25. Re4 Qd6 26. Rd1 Rxe4+ 27.
Bxe4 Qxg3+ 28. Kd2 Rf2+ 29. Kc1 Qe3+ 30. Kb1 Rf4 31. Rd4 c5 32. Bxh7 Qe1+ 33.
Kb2 Rf2+ 34. Kb3 Kxh7 35. Qd3+ Kh8 36. Re4 Qd2 37. Qxd2 Rxd2 38. a4 Nf6 39. Re7
Rd7 40. Re5 Kh7 41. Kc4 Kh6 42. a5 Rd6 43. a6 Rd7 44. Kb5 Rc7 45. c4 Nxh5 46.
Re8 g5 47. Rh8+ Kg6 48. Rb8 g4 49. Rb7 Rg7 50. Kc6 g3 51. Rxg7+ Nxg7 52. Kb7 g2
53. Kxa7 g1=Q 54. Kb8 Kf5 55. a7 Qh1 56. a8=Q Qxa8+ 57. Kxa8 Ke4 58. Kb7 Kd4
59. Kxb6 Kxc4 0-1

[Event "DVM U16 2013"]
[Site "Lingen (Ems) GER"]
[Date "2013.12.28"]
[Round "4"]
[White "Sabirov, Ramil"]
[Black "Finke, Maurice"]
[Result "1/2-1/2"]
[Termination "normal"]
[Board "1.2"]
[WhiteElo "1908"]
[BlackElo "1958"]
[WhiteTeam "SG Porz"]
[BlackTeam "SK Wildeshausen"]
[WhiteFideId "12900303"]
[BlackFideId "12909580"]
[EventCountry "GER"]
[EventRounds "7"]
[EventType "team-swiss"]
[EventDate "2013.12.26"]

1. d4 d5 2. Nf3 Nf6 3. g3 c6 4. Bg2 Bg4 5. O-O e6 6. Nbd2 Nbd7 7. c4 Be7 8. b3
O-O 9. Bb2 Bh5 10. Re1 Rc8 11. e4 Nxe4 12. Nxe4 dxe4 13. Rxe4 Bf6 14. Qd2 e5
15. dxe5 Bxf3 16. Bxf3 Nxe5 17. Qxd8 Nxf3+ 18. Kg2 Rfxd8 19. Bxf6 gxf6 20. Kxf3
Rd3+ 21. Ke2 Rcd8 22. Re8+ Kg7 1/2-1/2

[Event "DVM U16 2013"]
[Site "Lingen (Ems) GER"]
[Date "2013.12.28"]
[Round "4"]
[White "Ngo, Minh Duc"]
[Black "Fieberg, Samuel"]
[Result "0-1"]
[Termination "normal"]
[Board "1.3"]
[WhiteElo "1980"]
[BlackElo "1944"]
[WhiteTeam "SK Wildeshausen"]
[BlackTeam "SG Porz"]
[WhiteFideId "12942693"]
[BlackFideId "12901717"]
[EventCountry "GER"]
[EventRounds "7"]
[EventType "team-swiss"]
[EventDate "2013.12.26"]

1. e4 c5 2. Nf3 d6 3. d4 cxd4 4. Nxd4 Nf6 5. Nc3 a6 6. Be2 e5 7. Nb3 Be7 8. O-O
O-O 9. Re1 Nc6 10. a4 Be6 11. Bf3 Na5 12. Nd2 Rc8 13. Nf1 Qc7 14. Bg5 Nc4 15.
b3 Nb2 16. Qc1 Qxc3 17. Ne3 Qd4 18. Bxf6 Nd3 19. Qd1 Nxe1 20. Bxe7 Nxf3+ 21.
gxf3 Rfe8 22. Bxd6 Red8 23. Be7 Rd7 24. Ba3 Qxd1+ 25. Nxd1 Rxc2 26. Ne3 Re2 27.
Rc1 h6 28. Nc4 f6 29. Bc5 Rd3 30. b4 Bxc4 31. Rxc4 b5 32. axb5 axb5 33. Rc1
Rxf3 34. Be3 Rfxe3 35. fxe3 Rb2 36. Rc8+ Kh7 37. Rb8 Rxb4 38. Kf2 Rb2+ 39. Kg3
Kg6 40. Rb6 b4 41. h3 b3 42. Kf3 Rb1 43. Kg3 b2 44. Kh4 h5 45. Rb8 Rc1 46. Rxb2
Rc4 47. Kg3 Rxe4 48. Kf3 Kf5 49. Rb8 g5 50. Rh8 Rh4 51. Kg2 Ke4 52. Rf8 f5 53.
Rf7 g4 54. hxg4 hxg4 55. Ra7 Kxe3 56. Ra5 Kf4 57. Ra8 g3 58. Kg1 Rh2 59. Ra1
Rf2 60. Rb1 e4 61. Ra1 Kf3 62. Re1 e3 63. Ra1 f4 64. Re1 e2 65. Ra1 Rf1+ 0-1

[Event "DVM U16 2013"]
[Site "Lingen (Ems) GER"]
[Date "2013.12.28"]
[Round "4"]
[White "Brungs, Sven"]
[Black "Reuker, Jari"]
[Result "1-0"]
[Termination "normal"]
[Board "1.4"]
[WhiteElo "1885"]
[BlackElo "1815"]
[WhiteTeam "SG Porz"]
[BlackTeam "SK Wildeshausen"]
[WhiteFideId "12946257"]
[BlackFideId "12909300"]
[EventCountry "GER"]
[EventRounds "7"]
[EventType "team-swiss"]
[EventDate "2013.12.26"]

1. d4 Nf6 2. Nf3 e6 3. c4 Bb4+ 4. Nbd2 O-O 5. a3 Be7 6. e4 d6 7. Bd3 Nbd7 8.
O-O e5 9. d5 Ne8 10. b4 g6 11. Qc2 Ng7 12. Nb3 f5 13. c5 Nf6 14. exf5 gxf5 15.
Bc4 f4 16. Nxe5 dxe5 17. d6+ Kh8 18. dxe7 Qxe7 19. Re1 Ng4 20. h3 Nh6 21. Bb2
Rf5 22. Nd4 Rh5 23. Nf3 Bf5 24. Bd3 Bxd3 25. Qxd3 Nf7 26. Qe4 Re8 27. Rad1 c6
28. Rd2 Ng5 29. Nxg5 Rxg5 30. Qxf4 Nh5 31. Qe4 Nf6 32. Qe3 Nd5 33. Qe4 Nf6 34.
Qf3 Qg7 35. Rd6 Nd5 36. b5 Rf8 37. Rxe5 Rxe5 38. Bxe5 1-0

[Event "DVM U16 2013"]
[Site "Lingen (Ems) GER"]
[Date "2013.12.28"]
[Round "4"]
[White "Koop, Thorben"]
[Black "Eichstaedt, Mirko"]
[Result "1-0"]
[Termination "normal"]
[Board "2.1"]
[WhiteElo "2232"]
[BlackElo "1939"]
[WhiteTeam "SV Lingen"]
[BlackTeam "USV Potsdam"]
[WhiteFideId "24661619"]
[BlackFideId "24692310"]
[EventCountry "GER"]
[EventRounds "7"]
[EventType "team-swiss"]
[EventDate "2013.12.26"]

1. Nf3 Nf6 2. g3 c5 3. c4 g6 4. Bg2 Bg7 5. O-O O-O 6. d4 cxd4 7. Nxd4 Nc6 8.
Nc3 a6 9. b3 Qa5 10. Bb2 Rb8 11. Rc1 Qh5 12. Nd5 Nxd5 13. cxd5 Nxd4 14. Bxd4
Bxd4 15. Qxd4 d6 16. Qa7 Bg4 17. Rc7 Bxe2 18. Re1 Bf3 19. Rxb7 Ra8 20. Qd4 Rac8
21. Bxf3 Qxf3 22. Rbxe7 h5 23. Rd7 Rfe8 24. Rf1 Re4 25. Qd1 Qxd1 26. Rxd1 Rc2
27. Rxd6 Ree2 28. Rf6 Rxa2 29. d6 Red2 30. Rxd2 Rxd2 31. d7 Rxd7 32. Rxa6 Rb7
33. Ra3 Kg7 34. Kf1 Kf6 35. Ke2 h4 36. Kd3 h3 37. f4 Kf5 38. Kc3 Rc7+ 39. Kd3
Rb7 40. Kc3 Rc7+ 41. Kb2 Re7 42. Ra5+ Kg4 43. Rc5 Re2+ 44. Rc2 Rxc2+ 45. Kxc2
Kf3 46. Kd3 Kg2 47. Ke2 Kxh2 48. Kf2 f5 49. b4 g5 50. fxg5 Kh1 51. g6 h2 52. g7
f4 53. g8=Q fxg3+ 54. Kxg3 1-0

[Event "DVM U16 2013"]
[Site "Lingen (Ems) GER"]
[Date "2013.12.28"]
[Round "4"]
[White "Cech, Tim"]
[Black "Oehne, Timo"]
[Result "1-0"]
[Termination "normal"]
[Board "2.2"]
[WhiteElo "1805"]
[BlackElo "2019"]
[WhiteTeam "USV Potsdam"]
[BlackTeam "SV Lingen"]
[WhiteFideId "1270258"]
[BlackFideId "24661635"]
[EventCountry "GER"]
[EventRounds "7"]
[EventType "team-swiss"]
[EventDate "2013.12.26"]

1. e4 g6 2. d4 Bg7 3. Bd3 Bxd4 4. Ne2 Bg7 5. O-O d6 6. f4 Nc6 7. c3 Nf6 8. Nd2
Bd7 9. Nf3 e6 10. h3 h6 11. Be3 Qe7 12. a4 O-O 13. Qd2 Rae8 14. Ned4 e5 15. Nb5
Bc8 16. fxe5 Nxe5 17. Nxe5 Qxe5 18. Nxc7 Re7 19. Bd4 Nxe4 20. Bxe4 Qxe4 21.
Rae1 Qh4 22. Bf2 Qxf2+ 23. Rxf2 Rxc7 24. Rfe2 Rc6 25. Re8 Bd7 26. Rxf8+ Bxf8
27. Qf4 Rc5 28. Rd1 Be6 29. Qf3 Rc7 30. Qe3 b6 31. Kh1 d5 32. Qd3 Bg7 33. Qg3
Rc8 34. Qd6 Bf8 35. Qg3 Bg7 36. Qd6 Bf8 37. Qh2 Bg7 38. Qf4 Bf8 39. Ra1 a6 40.
Qf1 Rc4 41. Qd3 Bg7 42. Qg3 d4 43. cxd4 Bxd4 44. Rd1 Rxa4 45. Qf4 1-0

[Event "DVM U16 2013"]
[Site "Lingen (Ems) GER"]
[Date "2013.12.28"]
[Round "4"]
[White "Bach, Jannik"]
[Black "Werthmann, Nils"]
[Result "1-0"]
[Termination "normal"]
[Board "2.3"]
[WhiteElo "1869"]
[BlackElo "1765"]
[WhiteTeam "SV Lingen"]
[BlackTeam "USV Potsdam"]
[WhiteFideId "24615900"]
[BlackFideId "1270257"]
[EventCountry "GER"]
[EventRounds "7"]
[EventType "team-swiss"]
[EventDate "2013.12.26"]

1. Nf3 d5 2. g3 Nf6 3. Bg2 g6 4. O-O Bg7 5. d4 O-O 6. c4 e6 7. Nc3 c6 8. Qc2
Nbd7 9. Rd1 Qe7 10. b3 Nb6 11. a4 Re8 12. a5 Nbd7 13. Bb2 dxc4 14. bxc4 e5 15.
dxe5 Ng4 16. Ne4 Ngxe5 17. Nd6 Rd8 18. a6 Nxf3+ 19. exf3 Ne5 20. Nxc8 Raxc8 21.
f4 Rxd1+ 22. Rxd1 Ng4 23. Bxg7 Kxg7 24. Qb2+ Nf6 25. axb7 Rb8 26. Bxc6 1-0

[Event "DVM U16 2013"]
[Site "Lingen (Ems) GER"]
[Date "2013.12.28"]
[Round "4"]
[White "Ender, Paul Marius"]
[Black "Vonhoff, Nils"]
[Result "1/2-1/2"]
[Termination "normal"]
[Board "2.4"]
[WhiteElo "1565"]
[BlackElo "1847"]
[WhiteTeam "USV Potsdam"]
[BlackTeam "SV Lingen"]
[WhiteFideId "12936545"]
[BlackFideId "24692301"]
[EventCountry "GER"]
[EventRounds "7"]
[EventType "team-swiss"]
[EventDate "2013.12.26"]

1. e4 g6 2. d4 Bg7 3. c3 c6 4. Be3 d6 5. f4 Nf6 6. Bd3 O-O 7. Nf3 Bg4 8. h3
Bxf3 9. Qxf3 Nbd7 10. f5 e5 11. g4 d5 12. O-O dxe4 13. Bxe4 Nxe4 14. Qxe4 exd4
15. Bxd4 Bxd4+ 16. Qxd4 Nf6 17. fxg6 Qxd4+ 18. cxd4 fxg6 19. Nc3 Rad8 20. Rad1
Kg7 21. Kg2 Rfe8 22. Rfe1 Rxe1 23. Rxe1 Kf7 24. Rd1 g5 25. Kf2 h6 1/2-1/2

[Event "DVM U16 2013"]
[Site "Lingen (Ems) GER"]
[Date "2013.12.28"]
[Round "4"]
[White "Vöge, Tobias"]
[Black "Peczely, Sebastian Zsombor"]
[Result "1/2-1/2"]
[Termination "normal"]
[Board "3.1"]
[WhiteElo "1946"]
[BlackElo "2183"]
[WhiteTeam "Stader SV"]
[BlackTeam "Schachgemeinschaft Leipzig"]
[WhiteFideId "1270513"]
[BlackFideId "750964"]
[EventCountry "GER"]
[EventRounds "7"]
[EventType "team-swiss"]
[EventDate "2013.12.26"]

1. d4 Nf6 2. c4 g6 3. Nc3 d5 4. cxd5 Nxd5 5. e4 Nxc3 6. bxc3 Bg7 7. Bc4 c5 8.
Ne2 Nc6 9. Be3 Qa5 10. O-O O-O 11. Qc1 Rd8 12. Rd1 Bd7 13. Rb1 Qc7 14. Bf4 e5
15. Bg5 Re8 16. d5 Na5 17. d6 Qc8 18. Bd5 Rb8 19. Qe3 b6 20. Qf3 Re6 21. Bxe6
Bxe6 22. h3 Rb7 23. Nc1 Rd7 24. Nb3 Nc4 25. Be7 Qc6 26. Qe2 Bh6 27. Kh2 a6 28.
g3 b5 29. a4 Na3 30. axb5 axb5 31. Rb2 Nc4 32. Rbb1 Na3 33. Rb2 Nc4 1/2-1/2

[Event "DVM U16 2013"]
[Site "Lingen (Ems) GER"]
[Date "2013.12.28"]
[Round "4"]
[White "Kreyssig, Robert"]
[Black "Hammann, Jonas"]
[Result "1/2-1/2"]
[Termination "normal"]
[Board "3.2"]
[WhiteElo "2070"]
[BlackElo "1756"]
[WhiteTeam "Schachgemeinschaft Leipzig"]
[BlackTeam "Stader SV"]
[WhiteFideId "4662881"]
[BlackFideId "12930601"]
[EventCountry "GER"]
[EventRounds "7"]
[EventType "team-swiss"]
[EventDate "2013.12.26"]

1. d4 d5 2. c4 e6 3. Nc3 c5 4. cxd5 exd5 5. Nf3 Nc6 6. g3 Nf6 7. Bg2 Be7 8. O-O
O-O 9. Bg5 c4 10. Ne5 Be6 11. Nxc6 bxc6 12. b3 Qa5 13. Na4 Rac8 14. Bxf6 gxf6
15. Qc2 c5 16. dxc5 Bxc5 17. Nxc5 Rxc5 18. Rfd1 Rd8 19. Rd4 Qc7 20. Rad1 Rb8
21. Rh4 f5 22. bxc4 dxc4 23. Qc3 Rd8 24. Rc1 Qe5 25. Qxe5 Rxe5 26. e3 Rc5 27.
Rd4 Rb8 28. e4 c3 29. exf5 Bxf5 30. Be4 Bxe4 31. Rxe4 Rb2 32. a4 c2 33. Kg2 Rb1
34. Ree1 Rb4 35. Re2 Rbc4 36. h4 Rc3 37. Kf1 R5c4 38. Ke1 Rxa4 39. Rexc2 Rxc2
40. Rxc2 a5 41. Rc8+ Kg7 42. Ra8 Ra2 43. Kf1 a4 1/2-1/2

[Event "DVM U16 2013"]
[Site "Lingen (Ems) GER"]
[Date "2013.12.28"]
[Round "4"]
[White "Dittmann, Tobias"]
[Black "Kreyssig, Bruno"]
[Result "1-0"]
[Termination "normal"]
[Board "3.3"]
[WhiteElo "1674"]
[BlackElo "1837"]
[WhiteTeam "Stader SV"]
[BlackTeam "Schachgemeinschaft Leipzig"]
[WhiteFideId "12964360"]
[BlackFideId "4692489"]
[EventCountry "GER"]
[EventRounds "7"]
[EventType "team-swiss"]
[EventDate "2013.12.26"]

1. e4 c5 2. Nf3 d6 3. Bb5+ Bd7 4. Bxd7+ Nxd7 5. c4 Ngf6 6. Nc3 g6 7. d4 cxd4 8.
Nxd4 Bg7 9. Be3 O-O 10. O-O Rc8 11. b3 a6 12. f3 b5 13. cxb5 Rxc3 14. Nc6 Rxc6
15. bxc6 Ne5 16. Rc1 Qc7 17. Qe2 Ra8 18. Rc2 d5 19. exd5 Nxd5 20. Kh1 Rd8 21.
Bf2 Rd6 22. Bg3 Re6 23. Qxa6 Ne3 24. Qb7 Qxb7 25. cxb7 Nd7 26. Rc8+ Bf8 27.
Rfc1 1-0

[Event "DVM U16 2013"]
[Site "Lingen (Ems) GER"]
[Date "2013.12.28"]
[Round "4"]
[White "Waschischeck, Tom"]
[Black "Günther, Alexander"]
[Result "1-0"]
[Termination "normal"]
[Board "3.4"]
[WhiteElo "1718"]
[BlackElo "1510"]
[WhiteTeam "Schachgemeinschaft Leipzig"]
[BlackTeam "Stader SV"]
[WhiteFideId "12931780"]
[BlackFideId "24693367"]
[EventCountry "GER"]
[EventRounds "7"]
[EventType "team-swiss"]
[EventDate "2013.12.26"]

1. e4 c5 2. Nf3 Nc6 3. d4 cxd4 4. Nxd4 e5 5. Nb5 d6 6. N1c3 a6 7. Na3 b5 8. Nd5
Rb8 9. c4 b4 10. Nc2 Be7 11. Be3 Nf6 12. f3 O-O 13. b3 Nd7 14. Qd2 a5 15. Rd1
f5 16. exf5 Rxf5 17. Nxe7+ Qxe7 18. Qd5+ Kh8 19. Qxc6 Rf6 20. Bg5 Bb7 21. Bxf6
gxf6 22. Qxd6 1-0

[Event "DVM U16 2013"]
[Site "Lingen (Ems) GER"]
[Date "2013.12.28"]
[Round "4"]
[White "Riehle, Marco"]
[Black "Grimm, Julius"]
[Result "1/2-1/2"]
[Termination "normal"]
[Board "4.1"]
[WhiteElo "1876"]
[BlackElo "1944"]
[WhiteTeam "SF Sasbach"]
[BlackTeam "Schachforum Darmstadt"]
[WhiteFideId "12904392"]
[BlackFideId "12916986"]
[EventCountry "GER"]
[EventRounds "7"]
[EventType "team-swiss"]
[EventDate "2013.12.26"]

1. e4 c6 2. c4 d5 3. exd5 cxd5 4. cxd5 Nf6 5. Nc3 Nxd5 6. Nf3 Nc6 7. Bb5 e6 8.
O-O Be7 9. d4 O-O 10. Re1 Bd7 11. Nxd5 exd5 12. Bd3 Bg4 13. h3 Bh5 14. g4 Bg6
15. Bxg6 hxg6 16. Ne5 Bf6 17. Re2 Re8 18. f4 Qd6 19. Kg2 Re6 20. Be3 Rae8 21.
Qb3 Na5 22. Qc3 Bd8 23. Rf1 Nc4 24. f5 Rxe5 25. dxe5 Rxe5 26. Qd3 Re4 27. fxg6
fxg6 28. Bf4 Rxf4 29. Rxf4 Qxf4 30. Qxd5+ 1/2-1/2

[Event "DVM U16 2013"]
[Site "Lingen (Ems) GER"]
[Date "2013.12.28"]
[Round "4"]
[White "Bohnert, Dominik"]
[Black "Tampe, Alexander"]
[Result "1-0"]
[Termination "normal"]
[Board "4.3"]
[WhiteElo "1936"]
[BlackElo "1712"]
[WhiteTeam "SF Sasbach"]
[BlackTeam "Schachforum Darmstadt"]
[WhiteFideId "12918075"]
[BlackFideId "12921572"]
[EventCountry "GER"]
[EventRounds "7"]
[EventType "team-swiss"]
[EventDate "2013.12.26"]

1. e4 e5 2. Nf3 Nc6 3. Bc4 Bc5 4. O-O d6 5. c3 Bg4 6. b4 Bb6 7. d3 Nf6 8. Nbd2
O-O 9. h3 Be6 10. Bb3 Ne7 11. Bxe6 fxe6 12. Ng5 Qd7 13. Qb3 d5 14. exd5 exd5
15. c4 c6 16. Bb2 Ng6 17. Rae1 Rae8 18. Ndf3 Bc7 19. cxd5 cxd5 20. Ne4 b6 21.
Nxf6+ Rxf6 22. d4 Rfe6 23. dxe5 Nxe5 24. Nxe5 Bxe5 25. Bxe5 Rxe5 26. Rxe5 Rxe5
27. Rd1 Kf8 28. Qg3 Qe6 29. Kh2 Kf7 30. Rc1 Qf6 31. Rc3 Rg5 32. Qc7+ Kf8 33.
Qb8+ Kf7 34. Qb7+ Kg6 35. Rc6 1-0